Statistics for The Americas Geography By Letter M - Picture Quiz

Click here to take the quiz!

General Stats

  • This quiz has been taken 221 times
  • The average score is 12 of 18

Answer Stats

Answer% Correct
Mexico
98%
Maine
92%
Machu Picchu
91%
Manhattan
91%
Maple leaf
90%
Manitoba
88%
Mojave
78%
Mississippi
75%
Mormonism
71%
Mardi Gras
67%
Mariachi
66%
Montreal
61%
{Magellan} Strait
55%
{Mammoth} Cave
55%
Montevideo
46%
Montserrat
40%
Marten
28%
Minas Gerais
26%

Score Distribution

Percentile by Number Answered

Percent of People with Each Score

Your Score History

You have not taken this quiz